The golden fleece and the heroes who lived before Achilles / (Record no. 33942)
[ view plain ]
| 000 -LEADER | |
|---|---|
| fixed length control field | 00843pam a2200289 a 4500 |
| 001 - CONTROL NUMBER | |
| control field | 2806446 |
| 003 - CONTROL NUMBER IDENTIFIER | |
| control field | OSt |
| 005 - DATE AND TIME OF LATEST TRANSACTION | |
| control field | 20140310184351.0 |
| 008 - FIXED-LENGTH DATA ELEMENTS--GENERAL INFORMATION | |
| fixed length control field | 821028r19831921nyua j 000 0 eng |
| 010 ## - LIBRARY OF CONGRESS CONTROL NUMBER | |
| LC control number | 82021667 |
| 020 ## - INTERNATIONAL STANDARD BOOK NUMBER | |
| International Standard Book Number | 0590436848 |
| 040 ## - CATALOGING SOURCE | |
| Original cataloging agency | DLC |
| Transcribing agency | DLC |
| Modifying agency | DLC |
| 042 ## - AUTHENTICATION CODE | |
| Authentication code | lcac |
| 043 ## - GEOGRAPHIC AREA CODE | |
| Geographic area code | e-gr--- |
| 050 00 - LIBRARY OF CONGRESS CALL NUMBER | |
| Classification number | BL 820.A8 |
| Item number | .C726 1921 |
| 100 1# - MAIN ENTRY--PERSONAL NAME | |
| Personal name | Colum, Padraic, |
| Dates associated with a name | 1881-1972. |
| 9 (RLIN) | 2898 |
| 245 14 - TITLE STATEMENT | |
| Title | The golden fleece and the heroes who lived before Achilles / |
| Statement of responsibility, etc | Padraic Colum ; illustrated by Willy Pogany. |
| 260 ## - PUBLICATION, DISTRIBUTION, ETC. (IMPRINT) | |
| Place of publication, distribution, etc | New York : |
| Name of publisher, distributor, etc | Scholastic, |
| Date of publication, distribution, etc | c1949. |
| 300 ## - PHYSICAL DESCRIPTION | |
| Extent | 316 p. : |
| Other physical details | ill. ; |
| Dimensions | 19 cm. |
| 521 ## - TARGET AUDIENCE NOTE | |
| Target audience note | |
| 526 ## - STUDY PROGRAM INFORMATION NOTE | |
| Reading level | 980 |
| 650 ## - SUBJECT ADDED ENTRY--TOPICAL TERM | |
| Topical term or geographic name as entry element | Classics |
| 9 (RLIN) | 2808 |
| 700 1# - ADDED ENTRY--PERSONAL NAME | |
| Personal name | Pogány, Willy, |
| Dates associated with a name | 1882-1955, |
| Relator term | ill. |
| 9 (RLIN) | 2899 |
| 906 ## - LOCAL DATA ELEMENT F, LDF (RLIN) | |
| a | 7 |
| b | cbc |
| c | orignew |
| d | 1 |
| e | ocip |
| f | 19 |
| g | y-gencatlg |
| 942 ## - ADDED ENTRY ELEMENTS (KOHA) | |
| Source of classification or shelving scheme | Library of Congress Classification |
| Koha item type | |
| Withdrawn status | Lost status | Source of classification or shelving scheme | Damaged status | Home library | Current library | Shelving location | Date acquired | Total Checkouts | Full call number | Barcode | Date last seen | Copy number | Price effective from | Koha item type |
|---|---|---|---|---|---|---|---|---|---|---|---|---|---|---|
| Library of Congress Classification | Luxembourg Library | Luxembourg Library | Scholastic Reading Center Section | 10/07/2013 | BL 820.A8 .C726 1921 | LEX0383 | 04/18/2017 | 1 | 10/07/2013 | Books | ||||
| Library of Congress Classification | Luxembourg Library | Luxembourg Library | Scholastic Reading Center Section | 10/07/2013 | BL 820.A8 .C726 1921 | LEX1100 | 04/18/2017 | 2 | 10/07/2013 | Books |